Únik mozgov

Odchod, či emigrácia vysoko kvalifikovaných odborníkov do zahraničia ako fenomén v transformujúcic sa krajinách. Čo znamená migrácia a aká je situácia v jednotlivých krajinách Európy. Tzv. Únik mozgov alebo len migrácia

Enregistré dans:
Détails bibliographiques
Auteur principal: Weidlich, Roman
Format: Chapitre de livre
Langue:slovaque
Sujets:
Tags: Ajouter un tag
Pas de tags, Soyez le premier à ajouter un tag!

MARC

LEADER 00000naa a2200000 4500
001 r040067
005 20231002131145.5
041 0 |a slo 
044 |a SK 
245 1 0 |a Únik mozgov  |c Roman Weidlich 
520 |a Odchod, či emigrácia vysoko kvalifikovaných odborníkov do zahraničia ako fenomén v transformujúcic sa krajinách. Čo znamená migrácia a aká je situácia v jednotlivých krajinách Európy. Tzv. Únik mozgov alebo len migrácia 
610 2 0 |a únik mozgov 
610 2 0 |a migrácia 
610 2 0 |a Európa 
610 2 0 |a sily pracovné 
610 2 0 |a pracovníci kvalifikovaní 
610 2 0 |a emigrácia 
100 1 |a Weidlich, Roman